| 000 | 00455nam a2200181 a 4500 | ||
|---|---|---|---|
| 001 | 0435 | ||
| 005 | 20140414132020.0 | ||
| 008 | 040109s19uu xx 00 eng d | ||
| 020 | _a0-14-055529-3 | ||
| 050 |
_aTR _bSP6 1994 |
||
| 100 | _aHill, Eric | ||
| 245 |
_aSpot bakes a cake / _cEric Hill. |
||
| 260 |
_aU.S.A : _bPuffin Book, _c1994. |
||
| 300 | _ap. ; cm. | ||
| 650 |
_aBirthdays _xFiction. |
||
| 650 | _aChildren's stories. | ||
| 999 |
_c113444 _d113444 |
||